| 000 | 00512nam a22001577a 4500 | ||
|---|---|---|---|
| 003 | NUST | ||
| 082 | _a200 | ||
| 100 |
_aAhmed, Mehreen _9123030 |
||
| 245 |
_aRL-Based Controller of Fixed Wing UAVs for Tracking Moving Targets / _cMehreen Ahmed |
||
| 264 |
_aIslamabad, _bSEECS NUST; _c2024. |
||
| 300 |
_a119,p; _bill; _c30,cm. |
||
| 650 |
_aMS- Electrical Engineering _923567 |
||
| 700 |
_aSupervisor:Shahzad Younis _9123053 |
||
| 856 | _u http://10.250.8.41:8080/xmlui/handle/123456789/43432 | ||
| 942 |
_2ddc _cTHE |
||
| 999 |
_c609360 _d609360 |
||